Songs with the most streams on Spotify - Statistics

General Stats
  • This quiz has been taken 5 times
  • The average score is 10 of 15
Answer Stats
Streams
(Billions)
Artist Answer % Correct
5.356 The Weeknd Blinding Lights
100%
4.849 Ed Sheeran Shape of You
100%
3.848 The Kid Laroi, Justin Bieber Stay
100%
4.339 Harry Styles As It Was
80%
3.8 Imagine Dragons Believer
80%
4.146 Drake, Wizkid, Kyla One Dance
80%
4.280 Lewis Capaldi Someone You Loved
80%
4.461 The Weeknd, Daft Punk Starboy
80%
4.188 Post Malone, Swae Lee Sunflower
80%
3.682 Coldplay Yellow
80%
3.902 Ed Sheeran Perfect
60%
3.714 Glass Animals Heat Waves
40%
3.710 Billie Eilish, Khalid Lovely
40%
3.706 Arctic Monkeys I Wanna Be Yours
20%
4.506 The Neighbourhood Sweater Weather
20%
No matching quizzes found
Score Distribution
Percent of People with Each Score
Percentile by Number Answered
Your Score History
You have not taken this quiz